| 000 | 00477nam a22001817a 4500 | ||
|---|---|---|---|
| 003 | MPLRDC | ||
| 005 | 20220104180258.0 | ||
| 008 | 210129b ||||| |||| 00| 0 eng d | ||
| 020 | _a983-878-287-4 | ||
| 082 | _a524.9463 YONG v.5 1994 | ||
| 100 | _aPOH LIONG YONG | ||
| 245 |
_aSIRI LATIHAN TEORI PELANGI FIZIK 1. TINGKATAN 5 KBSM _c |
||
| 250 | _a再版 | ||
| 260 |
_a _bPENERBITAN PELANGI S/B _c1997 |
||
| 300 | _b平 | ||
| 650 | _a | ||
| 942 |
_cBK _o524.9463 YONG v.5 1994 |
||
| 999 |
_c60840 _d60830 |
||